| 000 | 01212cam a22002051 4500 | ||
|---|---|---|---|
| 082 |
_a355.00941 _bACC |
||
| 110 | 1 |
_aGreat Britain. _939715 |
|
| 245 | 0 | 0 |
_aSiege of Sebastopol. _ban account of the artillery operations |
| 260 |
_aLondon, _c1859. |
||
| 300 |
_a3 v. _c29 x 22 cm. and atlas. |
||
| 500 | _aPt. 3 was compiled under the direction of Sir Richard Dacres. | ||
| 500 | _aSeries title for v. 1-2 appears as an added t.-p., engr. | ||
| 505 | 0 | _apt. I-II. Journal of the operations conducted by the Corps of royal engineers. Published by order of the secretary of state for war: I. From the invasion of the Crimea to the close of the winter campaign 1854-55, by H. C. Elphinstone. II. From Febr. 1855, to the fall of Sebastopol, September 1855, by Sir Harry D. Jones.--[pt.III] An account of the artillery operations conducted by the Royal artillery and Royal naval brigade before Sebastopol in 1854 and 1855. Compiled by W.E.M. Reilly. | |
| 526 |
_a0 _b0 _c0 _d355_009410000000000_ACC |
||
| 700 | 1 |
_aDacres, Richard James, _949317 |
|
| 700 | 1 |
_aElphinstone, Howard Crawford, _949318 |
|
| 700 | 1 |
_aJones, Harry David, _949319 |
|
| 700 | 1 |
_aReilly, William Edward Moyses, _949320 |
|
| 942 |
_2ddc _cBK |
||
| 999 |
_c552099 _d552099 |
||